Erläuterungen zu den Klaviersonaten Beethovens : ein Buch für jedermann /

Uložené v:
Podrobná bibliografia
Hlavný autor: Volbach, Fritz, 1861-1940 (Author)
Médium: Kniha
Jazyk:German
Vydané: Köln am Rhein : P. J. Tonger, 1924.
Vydanie:3. Aufl.
ISBN: (viaz.)
Fyzický popis: 299 s. : noty.
Tagy: Pridať tag
Žiadne tagy, Buďte prvý kto otaguje tento záznam!

MARC

LEADER 00000nam a22000007a 4500
001 000463575
005 20150411112843.0
008 030703s1924 gw ger d
020 |a (viaz.)  |c Kčs 10,00 
040 |a SVKKK  |b slo  |c SVKKK  |e AACR2 
041 0 |a ger 
044 |a gw  |c DE 
100 1 |a Volbach, Fritz,  |d 1861-1940.  |4 aut 
245 1 0 |a Erläuterungen zu den Klaviersonaten Beethovens :  |b ein Buch für jedermann /  |c von Fritz Volbach. 
250 |a 3. Aufl. 
260 |a Köln am Rhein :  |b P. J. Tonger,  |c 1924. 
300 |a 299 s. :  |b noty. 
910 |a svkkk 
998 |a BK 
090 |g SCKHL  |k Sklad Pribinova prízemie  |a I.6268  |j 106021  |i 2720334592  |s Prezenčne